| 000 | 01105cam a2200217 4500 | ||
|---|---|---|---|
| 008 | 030828n2003 000 0 eng u | ||
| 035 | _a(Sirsi) u123385 | ||
| 245 | _aUS land values up | ||
| 260 | _c2003 | ||
| 490 |
_aFarmers' Weekly _v139(8) 22 August 2003, 86(1) |
||
| 520 | _aThe latest annual report from the US Department of Agriculture (USDA) shows that farmland values have risen in all states except Kansas. The rise is largely attributed to low interest rates and poor returns for alternative assets and reflects the UK situation. The strong increases were also assisted by potential for non-agricultural uses and rapid urbanisation and development on the east coast and around the Great Lakes. "Agricultural land values and cash rents" is available from the USDA website, http://usda.mannlib.cornell.edu/reports/nassr/other/plr-bb/land0803.pdf. | ||
| 590 | _aWB | ||
| 650 | _aUNITED STATES | ||
| 650 | _aAGRICULTURAL LAND VALUES | ||
| 650 | _aFARMLAND | ||
| 650 | _aNON-AGRICULTURAL USE | ||
| 650 | _aURBANISATION | ||
| 650 | _aDEVELOPMENT | ||
| 690 | _aRURAL-MARKET | ||
| 942 | _n0 | ||
| 999 |
_c73291 _d73291 |
||